| 000 | 00652cam a2200229Mi 4500 | ||
|---|---|---|---|
| 001 | 72381 | ||
| 005 | 20230410124100.0 | ||
| 008 | 981217s1971 xx 000 0 und d | ||
| 035 | _a(OCoLC)ocn163989687 | ||
| 040 |
_aGEBAY _bger _cGEBAY |
||
| 035 | _a(OCoLC)163989687 | ||
| 049 | _aGRAL | ||
| 050 | 1 | 4 | _aM321l 1971 |
| 100 | 1 | _aMarcou, Lilly | |
| 245 | 0 | 0 | _aL'Union soviétique |
| 300 | _a149p. | ||
| 260 | _c1971 | ||
| 505 | 0 | _aIntord. d'Héléne Carráere d'Encasse.<br>Paris: Colin 1971. 149 S.<br>(Bibliographies francaises de sciences sociales. Guides de recherches. 2. ) | |
| 942 |
_2lcc _cbk |
||
| 946 | _amfcruz | ||
| 994 |
_aC0 _bDRFGD |
||
| 999 |
_c70634 _d70634 |
||